| 000 | 01124nam a2200289 i 4500 | ||
|---|---|---|---|
| 003 | EG-ScBUE | ||
| 005 | 20240129094650.0 | ||
| 008 | 100705s1987 ua f 000 0 ara d | ||
| 017 | _a1987 / 7984 | ||
| 040 |
_aEG-ScBUE _bara _erda _cEG-ScBUE _dEG-ScBUE |
||
| 043 |
_af-ua--- _aar----- |
||
| 082 | 0 | 4 |
_222 _a956.04 _bإ س م |
| 100 | 1 |
_915865 _aإسماعيل، محمد حافظ، _eمؤلف. |
|
| 245 | 1 | 0 |
_aأمن مصر القومي : _bفي عصر التحديات / _cمحمد حافظ إسماعيل. |
| 250 | _aالطبعة الأولى. | ||
| 264 | 1 |
_aالقاهرة : _bمركز الأهرام للترجمة والنشر، _c1987. |
|
| 300 |
_a471 صفحة ؛ _c24 سم |
||
| 336 |
_2rdacontent _aنص _btxt |
||
| 337 |
_aبدون وسيط _2rdamedia _bn |
||
| 338 |
_aمجلد _bnc _2rdacarrier |
||
| 541 |
_aألف باء ؛ _cشراء ؛ |
||
| 650 | 7 |
_aحرب أكتوبر 1973. _2BUEsh |
|
| 651 | 7 |
_aمصر _xتاريخ _yالعصر الحديث (1805 م- ). _2BUEsh |
|
| 651 | 7 |
_aالشرق الأوسط _xأحوال سياسية. _2BUEsh |
|
| 655 | _vReading book | ||
| 942 |
_2ddc _cBB |
||
| 999 |
_c14374 _d14374 |
||